MyGZULibrary

Zimbabwe's casino economy : (Record no. 2004)

MARC details
000 -LEADER
fixed length control field 01252cam a22003374a 4500
001 - CONTROL NUMBER
control field 15587862
003 - CONTROL NUMBER IDENTIFIER
control field GZU
005 - DATE AND TIME OF LATEST TRANSACTION
control field 20201026145137.0
008 - FIXED-LENGTH DATA ELEMENTS--GENERAL INFORMATION
fixed length control field 090115s2008 rh a b 001 0 eng
010 ## - LIBRARY OF CONGRESS CONTROL NUMBER
LC control number 2009334008
020 ## - INTERNATIONAL STANDARD BOOK NUMBER
International Standard Book Number 9780797436794
040 ## - CATALOGING SOURCE
Original cataloging agency DLC
Transcribing agency DLC
Modifying agency DLC
042 ## - AUTHENTICATION CODE
Authentication code pcc
-- lcode
043 ## - GEOGRAPHIC AREA CODE
Geographic area code f-rh---
050 00 - LIBRARY OF CONGRESS CALL NUMBER
Classification number HC910
Item number .GON 2008
100 1# - MAIN ENTRY--PERSONAL NAME
Personal name Gono, G.
Fuller form of name (Gideon)
245 10 - TITLE STATEMENT
Title Zimbabwe's casino economy :
Remainder of title extraordinary measures for extraordinary challenges /
Statement of responsibility, etc. Gideon Gono.
260 ## - PUBLICATION, DISTRIBUTION, ETC.
Place of publication, distribution, etc. Harare, Zimbabwe :
Name of publisher, distributor, etc. ZPH Publishers,
Date of publication, distribution, etc. c2008.
300 ## - PHYSICAL DESCRIPTION
Extent xvi, 231 p. :
Other physical details ill. ;
Dimensions 24 cm.
504 ## - BIBLIOGRAPHY, ETC. NOTE
Bibliography, etc. note Includes bibliographical references (p.195-198) and index.
650 #0 - SUBJECT ADDED ENTRY--TOPICAL TERM
Topical term or geographic name entry element Government productivity
Geographic subdivision Zimbabwe.
650 #0 - SUBJECT ADDED ENTRY--TOPICAL TERM
Topical term or geographic name entry element Banks and banking, Central
Geographic subdivision Zimbabwe.
651 #0 - SUBJECT ADDED ENTRY--GEOGRAPHIC NAME
Geographic name Zimbabwe
General subdivision Economic conditions
Chronological subdivision 1980-
651 #0 - SUBJECT ADDED ENTRY--GEOGRAPHIC NAME
Geographic name Zimbabwe
General subdivision Economic policy.
651 #0 - SUBJECT ADDED ENTRY--GEOGRAPHIC NAME
Geographic name Zimbabwe
General subdivision Foreign economic relations.
856 41 - ELECTRONIC LOCATION AND ACCESS
Materials specified Table of contents only
Uniform Resource Identifier <a href="http://www.loc.gov/catdir/toc/fy0903/2009334008.html">http://www.loc.gov/catdir/toc/fy0903/2009334008.html</a>
906 ## - LOCAL DATA ELEMENT F, LDF (RLIN)
a 7
b cbc
c origcop
d 3
e ncip
f 20
g y-gencatlg
942 ## - ADDED ENTRY ELEMENTS (KOHA)
Source of classification or shelving scheme Library of Congress Classification
Koha item type Books
Classification part 910
Item part GON
Call number prefix HC
Holdings
Withdrawn status Lost status Source of classification or shelving scheme Damaged status Not for loan Collection code Home library Current library Shelving location Date acquired Total Checkouts Full call number Barcode Date last seen Date last checked out Copy number Price effective from Koha item type
    Library of Congress Classification     Non-fiction City Campus Library City Campus Library General Stacks 10/26/2020 1 HC 910 GON 2008 014394 11/16/2023 10/30/2023 c.1 10/26/2020 Books
          Non-fiction City Campus Library City Campus Library General Stacks 10/26/2020   HC 910 GON 2008 014413 10/26/2020   c.2 10/26/2020 Books
          Non-fiction City Campus Library City Campus Library General Stacks 10/26/2020 3 HC 910 GON 2008 014368 09/10/2025 09/03/2025 c.3 10/26/2020 Books